Tārīkh-i-Adab-i-Urdū: (Record no. 80940)

MARC details
000 -LEADER
fixed length control field 00805cam a22002771 4500
001 - CONTROL NUMBER
control field sa 68005759
003 - CONTROL NUMBER IDENTIFIER
control field DLC
005 - DATE AND TIME OF LATEST TRANSACTION
control field 20260227112511.0
008 - FIXED-LENGTH DATA ELEMENTS--GENERAL INFORMATION
fixed length control field 890821s1966 ii b 000 0 urd
010 ## - LIBRARY OF CONGRESS CONTROL NUMBER
LC control number sa 68005759
025 ## - OVERSEAS ACQUISITION NUMBER
Overseas acquisition number PL480:I-U-2112
035 ## - SYSTEM CONTROL NUMBER
System control number (OCoLC)20225516
040 ## - CATALOGING SOURCE
Original cataloging agency DLC
Transcribing agency MiEM
Modifying agency MiEM
-- DLC
041 1# - LANGUAGE CODE
Language code of text/sound track or separate title urd
Language code of original eng
042 ## - AUTHENTICATION CODE
Authentication code premarc
050 00 - LIBRARY OF CONGRESS CALL NUMBER
Classification number PK2155
Item number .S32
100 1# - MAIN ENTRY--PERSONAL NAME
Personal name Saksena, Ram Babu.
245 10 - TITLE STATEMENT
Title Tārīkh-i-Adab-i-Urdū:
Remainder of title History of Urdu Literature,
Statement of responsibility, etc. Rām Babu Saksena.
260 ## - PUBLICATION, DISTRIBUTION, ETC.
Place of publication, distribution, etc. Dehli
Name of publisher, distributor, etc. [Chaman Book Depot,
Date of publication, distribution, etc. 1966]
300 ## - PHYSICAL DESCRIPTION
Extent 868 p.
Dimensions 18 cm.
500 ## - GENERAL NOTE
General note In Urdu.
504 ## - BIBLIOGRAPHY, ETC. NOTE
Bibliography, etc. note Bibliographical footnotes.
650 #0 - SUBJECT ADDED ENTRY--TOPICAL TERM
Topical term or geographic name entry element Urdu literature
General subdivision History and criticism.
700 1# - ADDED ENTRY--PERSONAL NAME
Personal name ʻAskarī, Muḥammad,
Relator term tr.
740 0# - ADDED ENTRY--UNCONTROLLED RELATED/ANALYTICAL TITLE
Uncontrolled related/analytical title Histrī āf Urdū liṭrecar.

No items available.

Powered by Koha